000 00302nam a22001337a 4500
008 170825b xxu||||| |||| 00| 0 eng d
020 _a9780495050285
041 _aeng
080 _27 ED
_a070
100 _a39
101 _aMED
245 _aPUBLIC RELATIONS CASES
_cHENDRIX.J.A
942 _2udc
_cBK
999 _c25102
_d25102